000 00716nam a22002537a 4500
001 BR8306015
003 BR-BrBNA
005 20230928091822.0
007 ta
008 230509b bl.||||| |||| 00| 0 por d
040 _aBR-BrBNA
_bpor
_cBiblioteca Nacional de Agricultura
041 _a(Por)
072 _aP10
090 _ P10 BR8306015
100 1 _aPassarella, C.
245 1 _aRoda d'agua com pistao
_bApresentado no 1. Concurso de Equipamentos Agricolas Adaptados ao Pequeno Produtor
260 3 _aIvate, SP (Brasil):
_c1983.
300 _a4 p.
650 _aTECNOLOGIA APROPRIADA
650 _aCAPTACAO D'AGUA
650 _aSANEAMENTO RURAL
909 _a202309
_bLucia
_c55
_dLucia Elande
942 _cBK
999 _c35697
_d35697